Riconosci il Pokémon - Quiz n°181 - Statistics

Statistiche generali
  • Questo quiz è stato fatto 1 volte
  • Il punteggio medio è 5 su 10
Statistiche sulle risposte
Indizio Risposta % Corretto
Altezza 0,4 m
100%
Peso 51,3 kg
100%
Tipo Erba
100%
Stadio evoluzione Forma Base
100%
Abilità Sabbiavelo; Assorbacqua
100%
Tasso di cattura 190 (35.2%)
0%
Sesso 50% ♂, 50% ♀
0%
Pokémon Cacnea
0%
Tasso di allevamento Medio-Lento
0%
Generazione Terza
0%
Nessun quiz corrispondente trovato
Distribuzione punteggi
Percentuale di utenti per punteggio
Percentile per numero di risposta
I tuoi punteggi nel tempo
Non hai fatto questo quiz